[Event "MCR_SF_01"]
[Site "?"]
[Date "2005.??.??"]
[Round "?"]
[White "Kuchta, Jiri"]
[Black "Mateka, Petr"]
[Result "1/2-1/2"]
[WhiteElo "2236"]
[BlackElo "2188"]
[PlyCount "94"]
[EventDate "2005.??.??"]
[EventType "corr"]
[EventRounds "2"]
[SourceDate "2005.03.12"]

1. c4 Nf6 2. Nf3 e6 3. d4 Bb4+ 4. Bd2 Qe7 5. c5 Bxd2+ 6. Nbxd2 b6 7. Rc1 Ba6 8.
Qc2 Nc6 9. Qa4 Bb7 10. e4 O-O 11. Be2 Nh5 12. g3 Nf6 13. O-O a6 14. cxb6 cxb6
15. e5 Nd5 16. Ne4 Na5 17. Nd6 Bc6 18. Qa3 f6 19. h3 Nb7 20. Nc4 Qf7 21. Nd6
Nxd6 22. Qxd6 Ne7 23. Nh4 Nc8 24. Qb4 a5 25. Qa3 fxe5 26. dxe5 g5 27. Ng2 Qg7
28. Qc3 Rf5 29. f4 Ne7 30. Bg4 Rff8 31. fxg5 Qxg5 32. Nf4 Nd5 33. Qd4 Bb5 34.
Rf2 h5 35. Rcc2 Nb4 36. Nxh5 Nxc2 37. Rxc2 Rac8 38. Nf6+ Kh8 39. Rc3 a4 40. a3
Rc5 41. Qd6 Rxf6 42. exf6 Qxf6 43. Qf4 Kg7 44. Qxf6+ Kxf6 45. Kf2 e5 46. Rxc5
bxc5 47. Bf3 Ke6 1/2-1/2

[Event "MCR_SF_01"]
[Site "?"]
[Date "2005.??.??"]
[Round "?"]
[White "Kuchta, Jiri"]
[Black "Jirku, Jaroslav"]
[Result "1/2-1/2"]
[WhiteElo "2236"]
[BlackElo "2260"]
[PlyCount "90"]
[EventDate "2005.??.??"]
[EventType "corr"]
[EventRounds "2"]
[SourceDate "2005.03.12"]

1. c4 c5 2. Nf3 Nf6 3. Nc3 e6 4. d4 cxd4 5. Nxd4 Bb4 6. Ndb5 O-O 7. a3 Bxc3+ 8.
Nxc3 d5 9. cxd5 exd5 10. Bg5 Be6 11. Qd4 Nc6 12. Qh4 Qb6 13. Bxf6 gxf6 14.
O-O-O d4 15. Ne4 Rfc8 16. Kb1 Qb3 17. Qg3+ Kf8 18. Qxb3 Bxb3 19. Rd2 f5 20. Ng5
Rc7 21. e3 dxe3 22. fxe3 h6 23. Nf3 Re8 24. Bd3 Rxe3 25. Bxf5 Rce7 26. Rc1 Be6
27. Bxe6 fxe6 28. Rc3 Rxc3 29. bxc3 Rf7 30. Kc2 Ke7 31. Nd4 e5 32. Nxc6+ bxc6
33. Kd3 Ke6 34. Kc4 Rf4+ 35. Kc5 Ra4 36. Rd6+ Kf5 37. Rxh6 Rxa3 38. c4 e4 39.
Rxc6 Ra2 40. Kd4 Rxg2 41. Ke3 Rxh2 42. Rc5+ Ke6 43. Kxe4 Rh4+ 44. Kd3 Rh3+ 45.
Kd4 Ra3 1/2-1/2

[Event "MCR_SF_01"]
[Site "?"]
[Date "2005.??.??"]
[Round "?"]
[White "Jirku, Jaroslav"]
[Black "Kuchta, Jiri"]
[Result "1-0"]
[WhiteElo "2260"]
[BlackElo "2236"]
[PlyCount "91"]
[EventDate "2005.??.??"]
[EventType "corr"]
[EventRounds "2"]
[SourceDate "2005.03.12"]

1. e4 c6 2. d4 d5 3. Nc3 dxe4 4. Nxe4 Nd7 5. Nf3 Ngf6 6. Ng3 h5 7. Bg5 Qb6 8.
Qc1 c5 9. dxc5 Nxc5 10. a4 Bg4 11. Ne5 Ncd7 12. Bb5 a6 13. Nxg4 hxg4 14. Bxd7+
Nxd7 15. O-O Rd8 16. Rd1 g6 17. Ra3 Bg7 18. Rad3 Qc7 19. Bf4 Qc6 20. a5 Bf6 21.
Qe3 O-O 22. b4 Kh7 23. c3 Qc8 24. Qd2 e5 25. Ne4 exf4 26. Nxf6+ Nxf6 27. Rxd8
Rxd8 28. Qxd8 Qxc3 29. Qd4 Qb3 30. Rc1 Qe6 31. Qxf4 b5 32. axb6 Qxb6 33. Qc7
Qe6 34. Qc4 Kh6 35. Qxe6 fxe6 36. Rc6 Nd5 37. Rxa6 Nxb4 38. Rxe6 Nd3 39. Rd6
Nf4 40. g3 Nh3+ 41. Kf1 Ng5 42. Rf6 Kh5 43. Ke2 Ne4 44. Re6 Ng5 45. Re7 Kh6 46.
Ke3 1-0

[Event "MCR_SF_01"]
[Site "?"]
[Date "2005.??.??"]
[Round "?"]
[White "Jirku, Jaroslav"]
[Black "Volek, Stanislav"]
[Result "1/2-1/2"]
[WhiteElo "2260"]
[BlackElo "2287"]
[PlyCount "82"]
[EventDate "2005.??.??"]
[EventType "corr"]
[EventRounds "2"]
[SourceDate "2005.03.12"]

1. e4 e6 2. d4 d5 3. Nc3 Bb4 4. e5 c5 5. a3 Bxc3+ 6. bxc3 Ne7 7. Nf3 Qa5 8. Bd2
Bd7 9. a4 Nbc6 10. Bb5 Qc7 11. O-O b6 12. Re1 h6 13. Bd3 O-O 14. Qc1 c4 15. Bf1
f6 16. g3 fxe5 17. Nxe5 Nxe5 18. Rxe5 Ng6 19. Re3 e5 20. Bg2 e4 21. f3 exf3 22.
Bxf3 Rf5 23. a5 bxa5 24. Qf1 Raf8 25. Qg2 Bc6 26. Bg4 R5f6 27. Be6+ Kh8 28. Bc1
Qb7 29. Ba3 Re8 30. Rae1 Nf8 31. Bxf8 Rexf8 32. g4 a4 33. g5 Rg6 34. h4 a3 35.
Rf3 Re8 36. Qf2 Qe7 37. Rf7 Qd6 38. Bf5 Rxe1+ 39. Qxe1 hxg5 40. Bxg6 Qxg6 41.
Rxa7 gxh4+ 1/2-1/2

[Event "MCR_SF_01"]
[Site "?"]
[Date "2005.??.??"]
[Round "?"]
[White "Kuchta, Jiri"]
[Black "Trs, Jan"]
[Result "0-1"]
[WhiteElo "2236"]
[BlackElo "2220"]
[PlyCount "92"]
[EventDate "2005.??.??"]
[EventType "corr"]
[EventRounds "2"]
[SourceDate "2005.03.12"]

1. c4 e5 2. g3 Nf6 3. Nc3 Bb4 4. Nf3 e4 5. Ng5 Bxc3 6. dxc3 d6 7. Bg2 Qe7 8.
Nh3 Bxh3 9. Bxh3 Nbd7 10. Qd4 O-O 11. Bf5 c5 12. Qe3 Nb6 13. b3 Qe5 14. g4 g6
15. f4 exf3 16. Qxe5 dxe5 17. g5 gxf5 18. gxf6 f4 19. Ba3 Nd7 20. Rd1 Nxf6 21.
Bxc5 fxe2 22. Kxe2 Rfe8 23. Rhg1+ Kh8 24. Kf3 Re6 25. a4 h6 26. a5 Kh7 27. Rd2
a6 28. Bb6 Rae8 29. Rdd1 Nh5 30. Kf2 Ng7 31. Bc5 Rg6 32. Rxg6 Kxg6 33. Rd7 e4
34. Rxb7 e3+ 35. Ke2 Re5 36. Bb6 Rh5 37. h4 Nf5 38. Ra7 Rxh4 39. Rxa6 Rh2+ 40.
Kd3 Kg5 41. Ra8 Rd2+ 42. Ke4 Ng3+ 43. Ke5 Kg4 44. Re8 Kf3 45. Re7 f5 46. Kf6
Rg2 0-1

[Event "MCR_SF_01"]
[Site "?"]
[Date "2005.??.??"]
[Round "?"]
[White "Trs, Jan"]
[Black "Kuchta, Jiri"]
[Result "1-0"]
[WhiteElo "2220"]
[BlackElo "2236"]
[PlyCount "93"]
[EventDate "2005.??.??"]
[EventType "corr"]
[EventRounds "2"]
[SourceDate "2005.03.12"]

1. e4 c6 2. d4 d5 3. Nc3 dxe4 4. Nxe4 Nd7 5. Nf3 Ngf6 6. Nxf6+ Nxf6 7. Bc4 Bf5
8. O-O e6 9. Re1 Bd6 10. c3 Qc7 11. h3 O-O-O 12. Bd3 Bxd3 13. Qxd3 h6 14. b4 g5
15. b5 Rhg8 16. bxc6 Qxc6 17. Ne5 Bxe5 18. Rxe5 g4 19. h4 g3 20. fxg3 Ng4 21.
Rb5 Rd5 22. Rb4 Kb8 23. Qh7 Qe8 24. Bxh6 Ka8 25. Rab1 Nxh6 26. Qxh6 Rd7 27. Qe3
f5 28. Re1 Rd6 29. c4 Ra6 30. d5 Qf8 31. Reb1 Rg7 32. Qe5 exd5 33. Re1 Qc5+ 34.
Kh2 Rg8 35. Qxd5 Qxd5 36. cxd5 Rxa2 37. Rf4 a5 38. Rxf5 a4 39. Rd1 Rb2 40. d6
b5 41. Rdd5 Rb8 42. Rfe5 Kb7 43. Rxb5+ Kc6 44. Rxb8 Rxb8 45. Ra5 Kxd6 46. Rxa4
Ke5 47. g4 1-0

[Event "MCR_SF_01"]
[Site "?"]
[Date "2005.??.??"]
[Round "?"]
[White "Jirku, Jaroslav"]
[Black "Jerabek, Zdenek"]
[Result "0-1"]
[WhiteElo "2260"]
[BlackElo "2248"]
[PlyCount "84"]
[EventDate "2005.??.??"]
[EventType "corr"]
[EventRounds "2"]
[SourceDate "2005.03.12"]

1. e4 c5 2. Nf3 d6 3. d4 cxd4 4. Nxd4 Nf6 5. Nc3 a6 6. Be3 e5 7. Nb3 Be6 8. f3
Be7 9. Qd2 Nbd7 10. g4 O-O 11. O-O-O b5 12. g5 b4 13. Ne2 Ne8 14. h4 a5 15. Kb1
a4 16. Nbc1 Nb6 17. Ng3 d5 18. f4 exf4 19. Bxf4 a3 20. b3 dxe4 21. Qe1 Nd5 22.
Nxe4 Qa5 23. Nd3 Rc8 24. Be5 Qb6 25. Bh3 Qc6 26. Rd2 Bxh3 27. Rxh3 f5 28. gxf6
Nexf6 29. Qg1 g6 30. Nef2 Bd6 31. Bd4 Nc3+ 32. Bxc3 Qxc3 33. Qc1 Rce8 34. h5
Nxh5 35. Nd1 Qg7 36. c4 Nf4 37. Rh1 Qb7 38. Rh4 Ne2 39. Qc2 Qe7 40. Rh1 Nd4 41.
Qc1 Bf4 42. Nxf4 Rxf4 0-1

[Event "MCR_SF_01"]
[Site "?"]
[Date "2005.??.??"]
[Round "?"]
[White "Mateka, Petr"]
[Black "Jerabek, Zdenek"]
[Result "1/2-1/2"]
[WhiteElo "2188"]
[BlackElo "2248"]
[PlyCount "88"]
[EventDate "2005.??.??"]
[EventType "corr"]
[EventRounds "2"]
[SourceDate "2005.03.12"]

1. e4 c5 2. Nf3 d6 3. d4 cxd4 4. Nxd4 Nf6 5. Nc3 a6 6. Be2 e5 7. Nb3 Be7 8. O-O
O-O 9. Be3 Be6 10. Nd5 Nbd7 11. Bd3 Ng4 12. Bd2 Bg5 13. Bb4 Bxd5 14. exd5 Ndf6
15. Be2 Nh6 16. a4 Re8 17. a5 Qd7 18. Ra2 Rac8 19. c4 Bf4 20. h3 e4 21. Bc3 Qf5
22. Nd4 Qg5 23. Kh1 Qg6 24. Ra3 Nd7 25. Bd2 Be5 26. Be3 Qf6 27. b4 Qh4 28. Qc1
Qe7 29. Bg5 Qf8 30. Nb3 Nf5 31. Bg4 g6 32. Ra2 Bg7 33. Re2 Ne5 34. Rxe4 h6 35.
Be3 Nxe3 36. fxe3 f5 37. Be2 Qe7 38. Ref4 Nd7 39. e4 Bf6 40. R1f2 Bg5 41. exf5
Qe5 42. Bg4 Bxf4 43. Rxf4 g5 44. Rf1 Nf6 1/2-1/2

[Event "MCR_SF_01"]
[Site "?"]
[Date "2005.??.??"]
[Round "?"]
[White "Jerabek, Zdenek"]
[Black "Mateka, Petr"]
[Result "1/2-1/2"]
[WhiteElo "2248"]
[BlackElo "2188"]
[PlyCount "87"]
[EventDate "2005.??.??"]
[EventType "corr"]
[EventRounds "2"]
[SourceDate "2005.03.12"]

1. e4 e5 2. Nf3 Nc6 3. Bb5 a6 4. Ba4 Nf6 5. O-O Be7 6. Re1 b5 7. Bb3 O-O 8. c3
d6 9. h3 Na5 10. Bc2 c5 11. d4 Qc7 12. Nbd2 Bd7 13. Nf1 Nc4 14. b3 Nb6 15. Ne3
Rfe8 16. dxe5 dxe5 17. c4 Bc6 18. Nd2 Bd6 19. Bd3 Bd7 20. a3 Rab8 21. Bb2 Nc8
22. Qc2 Ne7 23. Nd5 Nexd5 24. exd5 Re7 25. Re3 Rbe8 26. Rae1 h6 27. Bf5 Rb8 28.
f4 Rbe8 29. Bxd7 Nxd7 30. f5 Nf6 31. Ne4 Nxe4 32. Qxe4 f6 33. Bc3 bxc4 34. bxc4
Kh8 35. Bd2 Rb8 36. Rg3 Qd7 37. Rg6 Rf7 38. Qg4 e4 39. Qxe4 Be5 40. Kh1 Re7 41.
Qg4 Bc7 42. Rf1 Qd6 43. Bf4 Qxf4 44. Qxf4 1/2-1/2

[Event "MCR_SF_01"]
[Site "?"]
[Date "2005.??.??"]
[Round "?"]
[White "Trs, Jan"]
[Black "Jerabek, Zdenek"]
[Result "1/2-1/2"]
[WhiteElo "2220"]
[BlackElo "2248"]
[PlyCount "102"]
[EventDate "2005.??.??"]
[EventType "corr"]
[EventRounds "2"]
[SourceDate "2005.03.12"]

1. d4 Nf6 2. c4 e6 3. Nf3 d5 4. Nc3 Be7 5. Bg5 O-O 6. e3 h6 7. Bh4 Nbd7 8. Rc1
c6 9. Bd3 a6 10. O-O dxc4 11. Bxc4 b5 12. Be2 Bb7 13. a3 c5 14. dxc5 Nxc5 15.
Nd4 Nfe4 16. Bxe7 Qxe7 17. Nxe4 Nxe4 18. Nc6 Qc7 19. Bd3 Nf6 20. Nd4 Qd7 21.
Qe2 e5 22. Bf5 Qd6 23. Nf3 Rfd8 24. b4 g6 25. Bb1 e4 26. Nd4 Bd5 27. Rfd1 Bc4
28. Qd2 Re8 29. h3 Nd5 30. Ba2 Nb6 31. Bxc4 Nxc4 32. Qe2 Qe5 33. a4 Rac8 34.
Rc2 Rc7 35. Rdc1 Rec8 36. h4 Kh7 37. axb5 axb5 38. Rc3 Qd5 39. f3 Re7 40. Qf2
Kg7 41. f4 Rd7 42. f5 Qe5 43. fxg6 fxg6 44. Qe2 Rdc7 45. Qg4 Kh7 46. h5 gxh5
47. Qf4 Qd5 48. Nf5 Qe6 49. Nd6 Rg8 50. Qxe4+ Qxe4 51. Nxe4 Rf7 1/2-1/2

[Event "MCR_SF_01"]
[Site "?"]
[Date "2005.??.??"]
[Round "?"]
[White "Mateka, Petr"]
[Black "Jirku, Jaroslav"]
[Result "1-0"]
[WhiteElo "2188"]
[BlackElo "2260"]
[PlyCount "75"]
[EventDate "2005.??.??"]
[EventType "corr"]
[EventRounds "2"]
[SourceDate "2005.03.12"]

1. e4 e5 2. Nf3 Nf6 3. Nxe5 d6 4. Nf3 Nxe4 5. Qe2 Qe7 6. d3 Nf6 7. Nc3 Bg4 8.
Be3 Nc6 9. d4 O-O-O 10. d5 Ne5 11. O-O-O Bh5 12. Re1 Re8 13. Qd1 c5 14. Be2
Nfg4 15. Nxe5 Nxe3 16. fxe3 Bxe2 17. Qxe2 Qxe5 18. Rhf1 f6 19. Qg4+ Kb8 20. Rf4
Qe7 21. Re4 Qf7 22. Rf1 Rxe4 23. Qxe4 g6 24. Qe6 Qxe6 25. dxe6 Bg7 26. Nd5 Re8
27. e7 b5 28. Rf3 Kb7 29. e4 b4 30. c3 a5 31. g4 Bh6+ 32. Kc2 Bg5 33. cxb4 axb4
34. a3 Kc6 35. axb4 cxb4 36. Kd3 Kd7 37. h4 Bxh4 38. Rh3 1-0

[Event "MCR_SF_01"]
[Site "?"]
[Date "2005.??.??"]
[Round "?"]
[White "Jerabek, Zdenek"]
[Black "Trs, Jan"]
[Result "1/2-1/2"]
[WhiteElo "2248"]
[BlackElo "2220"]
[PlyCount "119"]
[EventDate "2005.??.??"]
[EventType "corr"]
[EventRounds "2"]
[SourceDate "2005.03.12"]

1. e4 c6 2. d4 d5 3. e5 Bf5 4. c4 e6 5. Nc3 dxc4 6. Bxc4 Nd7 7. Nge2 Nb6 8. Bb3
Ne7 9. O-O h6 10. Ng3 Bg6 11. Be3 Ned5 12. Qe2 Be7 13. Rac1 O-O 14. Qg4 Nxe3
15. fxe3 Bg5 16. Rce1 Nd5 17. Rf3 Rc8 18. Nce4 Be7 19. Rc1 Rc7 20. Rd1 Rd7 21.
Rdf1 b6 22. Bc2 c5 23. a3 a6 24. Nh5 Bxh5 25. Qxh5 Bg5 26. dxc5 bxc5 27. Qh3 c4
28. Kh1 Qe7 29. Qg4 Rfd8 30. Nd6 Rxd6 31. exd6 Qxd6 32. Rd1 Qe5 33. Qxc4 Nxe3
34. Rxd8+ Bxd8 35. Qc8 Nxc2 36. Qxd8+ Kh7 37. Qd3+ f5 38. Rf2 a5 39. g4 Nd4 40.
gxf5 exf5 41. b4 a4 42. Rd2 Nf3 43. Rf2 Nd4 44. Kg2 Qd5+ 45. Kg1 Qe5 46. b5 Qc5
47. Kg2 Qd5+ 48. Kh3 Qd6 49. Rf1 Kg8 50. Kg2 Qd5+ 51. Kg1 Qc5 52. Qe3 Qd6 53.
Rf2 Kh7 54. Rb2 Nc2 55. Qc3 Qb6+ 56. Kh1 Nd4 57. Qd3 Qc5 58. Kg2 Qd5+ 59. Kf2
Qc5 60. Qe3 1/2-1/2

[Event "MCR_SF_01"]
[Site "?"]
[Date "2005.??.??"]
[Round "?"]
[White "Jerabek, Zdenek"]
[Black "Jirku, Jaroslav"]
[Result "0-1"]
[WhiteElo "2248"]
[BlackElo "2260"]
[PlyCount "110"]
[EventDate "2005.??.??"]
[EventType "corr"]
[EventRounds "2"]
[SourceDate "2005.03.12"]

1. e4 e5 2. Nf3 Nc6 3. Bb5 a6 4. Ba4 Nf6 5. O-O Be7 6. Re1 b5 7. Bb3 O-O 8. c3
d6 9. h3 Na5 10. Bc2 c5 11. d4 Qc7 12. Nbd2 cxd4 13. cxd4 Nc6 14. Nb3 a5 15.
Be3 a4 16. Nbd2 Bd7 17. Rc1 Qb7 18. Qe2 Rfe8 19. Bd3 Rab8 20. dxe5 dxe5 21.
Red1 h6 22. Bc5 Nb4 23. Nxe5 Nxa2 24. Rc2 Bxc5 25. Rxc5 Red8 26. Nxd7 Qxd7 27.
Bb1 Nb4 28. e5 Ne8 29. Rcc1 Nd3 30. Bxd3 Qxd3 31. Kf1 Ra8 32. Qxd3 Rxd3 33. Ke2
Rd7 34. Rc5 b4 35. Rc4 Rb7 36. Rb1 Nc7 37. g3 Nd5 38. Ne4 Rd7 39. Rbc1 Kh7 40.
f4 a3 41. bxa3 bxa3 42. Nd6 a2 43. Ra1 Ra3 44. Rd4 Nc3+ 45. Kd2 Nb1+ 46. Ke1
Rc7 47. Rc4 Rxc4 48. Nxc4 Rc3 49. Rxa2 Rxc4 50. Kf2 Nc3 51. Ra5 Ne4+ 52. Kf3
Nc5 53. Ra7 Kg6 54. f5+ Kxf5 55. Rxf7+ Kg6 0-1

[Event "MCR_SF_01"]
[Site "?"]
[Date "2005.??.??"]
[Round "?"]
[White "Jirku, Jaroslav"]
[Black "Trs, Jan"]
[Result "1-0"]
[WhiteElo "2260"]
[BlackElo "2220"]
[PlyCount "91"]
[EventDate "2005.??.??"]
[EventType "corr"]
[EventRounds "2"]
[SourceDate "2005.03.12"]

1. e4 c5 2. Nf3 d6 3. d4 cxd4 4. Nxd4 Nf6 5. Nc3 e6 6. Be2 a6 7. O-O Be7 8. f4
O-O 9. Be3 Nc6 10. a4 Qc7 11. Kh1 Re8 12. Bf3 Rb8 13. g4 Nxd4 14. Bxd4 e5 15.
fxe5 dxe5 16. Ba7 Ra8 17. g5 Rd8 18. Qe2 Ne8 19. Be3 Bh3 20. Rf2 Be6 21. Nd5
Bxd5 22. exd5 Nd6 23. Raf1 Re8 24. Bc1 Bd8 25. Be4 Qd7 26. Qd3 g6 27. b3 Bxg5
28. Bxg5 Qg4 29. Bh6 Nxe4 30. Rxf7 Nd6 31. R7f6 Qe4+ 32. Qxe4 Nxe4 33. Rb6 Re7
34. c4 Rc8 35. a5 Rce8 36. b4 Rd8 37. c5 Rc7 38. Kg2 Rcd7 39. Rf3 Re7 40. Re6
Ree8 41. Rxe8+ Rxe8 42. d6 Rd8 43. h4 Nd2 44. Bxd2 e4 45. Re3 h6 46. Re1 1-0

[Event "MCR_SF_01"]
[Site "?"]
[Date "2005.??.??"]
[Round "?"]
[White "Trs, Jan"]
[Black "Jirku, Jaroslav"]
[Result "1/2-1/2"]
[WhiteElo "2220"]
[BlackElo "2260"]
[PlyCount "104"]
[EventDate "2005.??.??"]
[EventType "corr"]
[EventRounds "2"]
[SourceDate "2005.03.12"]

1. e4 e5 2. Nf3 Nf6 3. d4 Nxe4 4. Bd3 d5 5. Nxe5 Bd6 6. O-O O-O 7. c4 Bxe5 8.
dxe5 Nc6 9. cxd5 Qxd5 10. Qc2 Nb4 11. Bxe4 Nxc2 12. Bxd5 Bf5 13. g4 Bxg4 14.
Be4 Nxa1 15. Bf4 f5 16. Bd5+ Kh8 17. Rc1 c6 18. Bg2 Rfd8 19. Nc3 Rd4 20. Be3
Rb4 21. Rxa1 Rxb2 22. h3 Bh5 23. Bf1 Rd8 24. a3 Rc2 25. Rc1 Rxc1 26. Bxc1 g5
27. Be3 b6 28. f4 g4 29. Kf2 gxh3 30. Bxh3 Bg6 31. Ne2 c5 32. Nc3 Kg7 33. Nb5
Rd3 34. Nd6 Rxa3 35. Nxf5+ Kf8 36. Nd6 Ra2+ 37. Kf3 Bh5+ 38. Bg4 Bxg4+ 39. Kxg4
h5+ 40. Kxh5 Ra3 41. Bf2 Rf3 42. Bh4 Rxf4 43. Bg5 Rd4 44. Kg6 Rxd6+ 45. exd6
Ke8 46. Kf5 Kd7 47. Ke5 a6 48. Kd5 a5 49. Bf4 a4 50. Be5 a3 51. Bh8 c4 52. Kxc4
Kxd6 1/2-1/2

[Event "MCR_SF_01"]
[Site "?"]
[Date "2005.??.??"]
[Round "?"]
[White "Mateka, Petr"]
[Black "Trs, Jan"]
[Result "1/2-1/2"]
[WhiteElo "2188"]
[BlackElo "2220"]
[PlyCount "111"]
[EventDate "2005.??.??"]
[EventType "corr"]
[EventRounds "2"]
[SourceDate "2005.03.12"]

1. e4 c5 2. Nf3 Nc6 3. d4 cxd4 4. Nxd4 Nf6 5. Nc3 d6 6. Bc4 e6 7. Be3 Be7 8.
O-O O-O 9. Be2 Bd7 10. f4 a6 11. Nb3 Na5 12. Nxa5 Qxa5 13. Qe1 Rfc8 14. Bd3 Bd8
15. Qg3 e5 16. Kh1 exf4 17. Qxf4 Qe5 18. Qf2 Qh5 19. Bf4 Rc6 20. Rad1 Bg4 21.
Rde1 Nd7 22. Nd5 Be6 23. Qd4 Bh4 24. Re3 Re8 25. c3 Ne5 26. Be2 Qg6 27. Bxe5
dxe5 28. Qxe5 Qg5 29. Qxg5 Bxg5 30. Rd3 Kf8 31. Bf3 Bd8 32. h3 Bc7 33. Bh5 Be5
34. Rdf3 g6 35. Bg4 Bxd5 36. exd5 Rc7 37. Rd3 Bd6 38. g3 f5 39. Kg2 Kf7 40. Bf3
Kf6 41. Rc1 b5 42. Ra1 a5 43. Rc1 h6 44. Rc2 b4 45. c4 a4 46. b3 a3 47. Rc1 Ke7
48. Re3+ Kd8 49. Re6 Rxe6 50. dxe6 Ke7 51. Bd5 h5 52. h4 Rc5 53. Rc2 Be5 54.
Re2 Bg7 55. Kf3 Bb2 56. Re1 1/2-1/2

[Event "MCR_SF_01"]
[Site "?"]
[Date "2005.??.??"]
[Round "?"]
[White "Trs, Jan"]
[Black "Mateka, Petr"]
[Result "1/2-1/2"]
[WhiteElo "2220"]
[BlackElo "2188"]
[PlyCount "114"]
[EventDate "2005.??.??"]
[EventType "corr"]
[EventRounds "2"]
[SourceDate "2005.03.12"]

1. d4 Nf6 2. Nf3 e6 3. c4 Bb4+ 4. Bd2 Qe7 5. g3 O-O 6. Bg2 Nc6 7. Nc3 d6 8. O-O
a5 9. Qc2 Re8 10. a3 Bxc3 11. Bxc3 e5 12. d5 Nb8 13. b4 Bg4 14. Nh4 Na6 15. h3
Bd7 16. Nf5 Bxf5 17. Qxf5 Nd7 18. Bd2 h6 19. Rfc1 Nab8 20. e4 Nf6 21. c5 axb4
22. cxd6 Qxd6 23. Bxb4 Qd8 24. Bc3 Nbd7 25. Ra2 c6 26. dxc6 bxc6 27. a4 Qb8 28.
a5 Nc5 29. Rb2 Qd8 30. Rbb1 Re6 31. Be1 Nd3 32. Rd1 c5 33. Bf1 Rd6 34. Bc3 c4
35. Ra1 Nd7 36. Bxd3 cxd3 37. Bxe5 Nxe5 38. Qxe5 Qd7 39. Ra3 d2 40. Kg2 Rd3 41.
Rxd3 Qxd3 42. Qf4 Rd8 43. Qe3 Qxe3 44. fxe3 Rd3 45. Kf3 Kf8 46. Ke2 Ra3 47.
Rxd2 Rxa5 48. Rd7 Ra6 49. g4 Ra1 50. Kf3 Rf1+ 51. Kg2 Re1 52. Rd3 Ke7 53. h4
Kf6 54. Ra3 g6 55. Ra6+ Kg7 56. Kf2 Rh1 57. e5 Rxh4 1/2-1/2

[Event "MCR_SF_01"]
[Site "?"]
[Date "2005.??.??"]
[Round "?"]
[White "Jirku, Jaroslav"]
[Black "Mateka, Petr"]
[Result "1/2-1/2"]
[WhiteElo "2260"]
[BlackElo "2188"]
[PlyCount "123"]
[EventDate "2005.??.??"]
[EventType "corr"]
[EventRounds "2"]
[SourceDate "2005.03.12"]

1. e4 e5 2. Nf3 Nc6 3. Bb5 a6 4. Ba4 Nf6 5. O-O Be7 6. Re1 b5 7. Bb3 O-O 8. c3
d6 9. h3 Na5 10. Bc2 c5 11. d4 Qc7 12. Nbd2 Bd7 13. Nf1 Nc4 14. b3 Nb6 15. Ne3
Rfe8 16. dxe5 dxe5 17. c4 Bc6 18. Bb2 Bd6 19. Nd2 Bd7 20. Qe2 Rab8 21. Bd3 b4
22. Qf3 a5 23. a4 Rbd8 24. Rad1 Re6 25. Nd5 Qb8 26. Nf1 Nc8 27. Ng3 Ne7 28. Nf5
Nc6 29. Bc1 Ne8 30. Qg3 Nd4 31. Be2 g6 32. Nh6+ Kg7 33. Bg4 Bc6 34. Bxe6 fxe6
35. Ne3 Bxe4 36. Bb2 Kf8 37. Qh4 Bf3 38. Rd2 Qc7 39. Neg4 Bb7 40. Nf6 Qe7 41.
Nhg8 g5 42. Qxg5 Qg7 43. f4 e4 44. Rxd4 cxd4 45. Bxd4 Qxg5 46. fxg5 Bh2+ 47.
Kxh2 Rxd4 48. Nh6 Nxf6 49. gxf6 Rd2 50. h4 e3 51. Rxe3 Rxg2+ 52. Kh3 Rg6 53.
Ng4 Bg2+ 54. Kxg2 Rxg4+ 55. Kh3 Rd4 56. Re5 Kf7 57. Rxa5 Rd3+ 58. Kg4 Kxf6 59.
Rb5 Rxb3 60. Kh5 Rb1 61. a5 b3 62. a6 1/2-1/2

[Event "MCR_SF_01"]
[Site "?"]
[Date "2005.??.??"]
[Round "?"]
[White "Volek, Stanislav"]
[Black "Trs, Jan"]
[Result "1-0"]
[WhiteElo "2287"]
[BlackElo "2220"]
[PlyCount "193"]
[EventDate "2005.??.??"]
[EventType "corr"]
[EventRounds "2"]
[SourceDate "2005.03.12"]

1. d4 Nf6 2. Nf3 e6 3. Bg5 c5 4. e3 d5 5. Nbd2 Nbd7 6. c3 Be7 7. Bd3 b6 8. O-O
Bb7 9. Ne5 Nxe5 10. dxe5 Nd7 11. Bxe7 Qxe7 12. f4 O-O-O 13. Nf3 c4 14. Bc2 f6
15. Qd4 h5 16. f5 Rhf8 17. Qh4 Rde8 18. fxe6 Qxe6 19. Bg6 Rd8 20. Nd4 Qxe5 21.
Qh3 Rh8 22. Ne6 Rdg8 23. Bf7 g5 24. Rae1 g4 25. Qg3 Rf8 26. Qxe5 Nxe5 27. Nxf8
Rxf8 28. Be6+ Kc7 29. Bf5 Kd6 30. Rf4 Bc8 31. Rd1 Be6 32. Bxe6 Kxe6 33. Rfd4
Nd3 34. e4 dxe4 35. Rxe4+ Ne5 36. Red4 Rc8 37. Kf1 Rc6 38. R1d2 Nd3 39. b4 b5
40. Re2+ Ne5 41. Rd8 Kf5 42. Red2 Ra6 43. Rf2+ Kg6 44. Rg8+ Kf7 45. Rb8 Nd3 46.
Rb7+ Kg6 47. Rc2 Re6 48. Re2 Rd6 49. Rxb5 Nf4 50. Rc2 f5 51. g3 Rd1+ 52. Kf2
Nd5 53. Ke2 Rd3 54. Ke1 Nxc3 55. Ra5 Rd1+ 56. Kf2 Ne4+ 57. Ke3 Rd3+ 58. Kf4 Nd6
59. Ra6 Kf6 60. Rf2 Rd4+ 61. Ke3 Rd3+ 62. Ke2 Ke5 63. Ke1 Ne4 64. Rc2 Re3+ 65.
Re2 Rc3 66. Kd1 Rd3+ 67. Kc1 Rd7 68. Rh6 Rb7 69. a3 a5 70. bxa5 Rb3 71. Rc2 Kd4
72. Rc6 c3 73. Ra2 Rb7 74. a6 Re7 75. Ra1 Nc5 76. Kd1 Kd5 77. Rc8 Nxa6 78. Rxc3
Nc5 79. a4 Ra7 80. a5 Ra6 81. Ke2 Kd4 82. Re3 Ra8 83. Rd1+ Kc4 84. Re5 Rxa5 85.
Rxf5 Ra2+ 86. Rd2 Rxd2+ 87. Kxd2 Kd4 88. Rxc5 Kxc5 89. Ke3 h4 90. Kf4 Kd5 91.
Kxg4 hxg3 92. hxg3 Ke6 93. Kg5 Kf7 94. Kh6 Kg8 95. g4 Kh8 96. g5 Kg8 97. Kg6
1-0